000 01244nam a2200325 i 4500
003 EG-GICUC
005 20260121101222.0
008 251115s2013 ts ||||fr|||| 00| 0 ara d
017 _a2013/4/978
020 _a9789967171940
040 _a EG-GICUC
_bara
_c EG-GICUC
_d EG-GICUC
_erda
041 0 _aara
082 0 4 _221
_a345
_bأ ش . م
092 0 4 _221
099 _aLaw1 07 345 أ ش . م 1 ed - 2013
100 0 _aأشرف حسين عطوة
_eمؤلف.
245 1 0 _aمبادئ القانون الإداري والموارد البشرية :
_bطبقا لأحدث التشريعات في دولة الامارات العربية المتحدة /
_cأشرف حسين عطوة.
250 _aالطبعة الاولى
264 1 _a[مكا نالنشر غير محدد] :
_bمكتبة الفلاح،
_c2013.
300 _a487 ؛ صفحة
_c24 سم
336 _2rda content
_atext
337 _2rda media
_aComputer
338 _2rda carrier
_aOnline Resource
504 _a. 487-483 ببليوجرافيا: صفحات.
546 _aالنص باللغة العربية
650 1 4 _aالقانون الإداري
856 4 0 _uhttps://fll.law.cu.edu.eg/fulltext/bks/B07-00779.pdf
905 _a30
942 _2ddc
_cBK
_e21
_n0
999 _c43314
_d43314